00664nam a2200205 a 4500001001000000003000900010005001700019007000300036008004100039040002500080082000700105100002600112245011800138260004500256300002100301500005500322504003200377700002100409700002800430000025017DO-SdBNP20240229073954.0ta110209s1990 dr 000 0 spa d aDO-SdBNPbspacBNPHU 42221 aHeredia Bonetti, Luis10aDerecho, economía y empresa /cLuis Heredia Bonetti ; edición Jennette Canals ; presentación Bernardo Vega. aSanto Domingo :bAmigo del Hogar,c1990. a221 p. ;c23 cm. aIncluye datos biográficos del autor en la solapa aBibliografía : p. 220-2211 aCanals, Jennette1 aVega, Bernardo,d1938 -